Шаг вперед, два шага назад (Кризис в нашей партии)

Библиографические подробности
Главный автор: Ленин В. И. Владимир Ильич
Язык:русский
Опубликовано: Москва, Политиздат, 1983
Предметы:
Формат: MixedMaterials Книга
Запись в KOHA:https://koha.lib.tpu.ru/cgi-bin/koha/opac-detail.pl?biblionumber=306605

MARC

LEADER 00000nam0a2200000 4500
001 306605
005 20260326071549.0
035 |a (RuTPU)RU\TPU\book\331882 
090 |a 306605 
100 |a 20151009d1983 km y0rusy50 ca 
101 0 |a rus 
102 |a RU 
105 |a y z 001zy 
200 1 |a Шаг вперед, два шага назад (Кризис в нашей партии)  |f В. И. Ленин 
210 |a Москва  |c Политиздат  |d 1983 
215 |a 222 с. 
320 |a Библиография в примечаниях : с. 212-220 
606 |a Ленин В. И.  |j Отдельные произведения  |7 ca  |8 rus  |2 stltpush  |3 (RuTPU)RU\TPU\subj\73029  |9 86288 
610 1 |a большевики 
610 1 |a меньшевики 
610 1 |a политические партии 
610 1 |a Россия 
610 1 |a 20 век 
610 1 |a марксизм 
610 1 |a внутрипартийная борьба 
610 1 |a кризисные явления 
610 1 |a оппортунистическая деятельность 
686 |a Т3(2)6-8Ленин156  |v LBC/SL-A  |2 rubbk 
700 1 |a Ленин  |b В. И.  |g Владимир Ильич 
801 1 |a RU  |b 63413507  |c 20151009 
801 2 |a RU  |b 63413507  |c 20190514  |g RCR 
942 |c BK